[Event "IECG CA.2002.0.00039"]
[Site "IECG email"]
[Date "2002.02.28"]
[Round "1"]
[White "Marcotulli, Giancarlo"]
[Black "Rivas, Juan"]
[Result "1-0"]
[WhiteElo "2066"]
[BlackElo "2125"]
[PlyCount "91"]
[EventDate "2002.02.28"]
[EventType "tourn (corr)"]
[EventRounds "6"]
[SourceTitle "Corr 2024"]
[Source "ChessBase"]
[SourceDate "2023.10.19"]
[SourceVersion "1"]
[SourceVersionDate "2023.10.19"]
[SourceQuality "1"]

1. e4 e5 2. Nf3 Nc6 3. Bb5 a6 4. Ba4 Nf6 5. 0-0 Be7 6. Re1 b5 7. Bb3 0-0 8. c3 d5 9. exd5 Nxd5 10. Nxe5 Nxe5 11. Rxe5 c6 12. Re1 Bd6 13. d4 Qh4 14. g3 Qh3 15. Be3 Bg4 16. Qd3 Rae8 17. Nd2 Re6 18. a4 f5 19. Qf1 Qh5 20. f4 bxa4 21. Rxa4 Rfe8 22. Qf2 g5 23. fxg5 f4 24. gxf4 Bh3 25. Rxa6 Bxf4 26. Qxf4 Nxf4 27. Bxf4 Qg4+ 28. Bg3 Qxg5 29. Ne4 Qf5 30. Be5 Qg6+ 31. Ng3 Qf7 32. Re2 Qb7 33. Bxe6+ Rxe6 34. Ra5 h5 35. Nxh5 Rg6+ 36. Ng3 c5 37. Ra1 cxd4 38. Bxd4 Ra6 39. Rae1 Re6 40. b4 Qf3 41. b5 Rxe2 42. Rxe2 Qd5 43. b6 Kf8 44. Ne4 Bg4 45. Rf2+ Ke7 46. b7 1-0

[Event "IECG CA.2002.0.00039"]
[Site "IECG email"]
[Date "2002.02.28"]
[Round "1"]
[White "Rivas, Juan"]
[Black "Rama, Cana"]
[Result "0-1"]
[WhiteElo "2125"]
[BlackElo "2147"]
[PlyCount "96"]
[EventDate "2002.02.28"]
[EventType "tourn (corr)"]
[EventRounds "6"]
[SourceTitle "Corr 2024"]
[Source "ChessBase"]
[SourceDate "2023.10.19"]
[SourceVersion "1"]
[SourceVersionDate "2023.10.19"]
[SourceQuality "1"]

1. e4 c5 2. Nf3 Nc6 3. d4 cxd4 4. Nxd4 g6 5. Nc3 Bg7 6. Be3 Nf6 7. Bc4 Qa5 8. 0-0 0-0 9. Nb3 Qc7 10. f4 d6 11. h3 Bd7 12. Be2 a5 13. Nb5 Qb8 14. Nd2 Nb4 15. c3 Na6 16. Qc2 Nc5 17. a4 Bc6 18. Bf3 b6 19. Nd4 Bb7 20. b4 Ncd7 21. Nb5 axb4 22. cxb4 Rc8 23. Qd3 Bc6 24. Nc3 Ne8 25. g3 Bxc3 26. Qxc3 Bb5 27. Qb3 Bxf1 28. Rxf1 Ra7 29. f5 Nef6 30. fxg6 hxg6 31. Bg4 d5 32. Bd4 Nxg4 33. hxg4 Qd6 34. exd5 Rxa4 35. Qxa4 Qxg3+ 36. Kh1 Qh3+ 37. Kg1 Qxg4+ 38. Kh1 Qh4+ 39. Kg2 Qxd4 40. Qxd7 Qxd2+ 41. Rf2 Qg5+ 42. Kh2 Ra8 43. Qc6 Qh5+ 44. Kg2 Qg4+ 45. Kh2 Rc8 46. Qb7 Kg7 47. Qxc8 Qxc8 48. Rf4 Qb8 0-1

[Event "IECG QA.2002.0.00014"]
[Site "IECG email"]
[Date "2002.02.24"]
[Round "1"]
[White "Hanegby, Avigdor"]
[Black "Rivas, Juan"]
[Result "1-0"]
[WhiteElo "2003"]
[BlackElo "2125"]
[PlyCount "105"]
[EventDate "2002.02.24"]
[EventType "tourn (corr)"]
[EventRounds "6"]
[SourceTitle "Corr 2024"]
[Source "ChessBase"]
[SourceDate "2023.10.19"]
[SourceVersion "1"]
[SourceVersionDate "2023.10.19"]
[SourceQuality "1"]

1. f4 d5 2. Nf3 Nf6 3. e3 g6 4. b3 Bg7 5. Bb2 0-0 6. Be2 c5 7. 0-0 Nc6 8. Ne5 Qc7 9. Nxc6 Qxc6 10. Bf3 Qb6 11. d3 Be6 12. Be5 Rad8 13. a4 c4 14. Bd4 Qc7 15. Nc3 cxb3 16. cxb3 a6 17. Rc1 Qd6 18. Rf2 Rc8 19. Rfc2 Rc6 20. Be5 Qd8 21. Ne2 Rxc2 22. Qxc2 Qb6 23. Bd4 Qa5 24. Qc3 Qxc3 25. Rxc3 Rc8 26. Bxf6 Bxf6 27. Rxc8+ Bxc8 28. Bxd5 b5 29. d4 bxa4 30. bxa4 Bf5 31. Bc6 e6 32. Kf2 Bd3 33. Nc1 Bc4 34. Bf3 a5 35. Be2 Bd5 36. Nd3 Bc6 37. Nc5 Bh4+ 38. g3 Be7 39. Bf3 Bxc5 40. dxc5 Bxa4 41. Bb7 Kf8 42. c6 Ke7 43. c7 Bd7 44. c8Q Bxc8 45. Bxc8 a4 46. Ba6 a3 47. Bc4 Kd6 48. Ke2 f5 49. Kd3 e5 50. Kc3 h6 51. Kb4 g5 52. h3 exf4 53. exf4 1-0

[Event "IECG QA.2002.0.00014"]
[Site "IECG email"]
[Date "2002.02.24"]
[Round "1"]
[White "Rivas, Juan"]
[Black "Kovacs, Arthur"]
[Result "1/2-1/2"]
[WhiteElo "2125"]
[BlackElo "2097"]
[PlyCount "35"]
[EventDate "2002.02.24"]
[EventType "tourn (corr)"]
[EventRounds "6"]
[SourceTitle "Corr 2024"]
[Source "ChessBase"]
[SourceDate "2023.10.19"]
[SourceVersion "1"]
[SourceVersionDate "2023.10.19"]
[SourceQuality "1"]

1. e4 e5 2. Nf3 Nc6 3. Bb5 a6 4. Ba4 Nf6 5. 0-0 Be7 6. Re1 b5 7. Bb3 d6 8. c3 0-0 9. h3 Bb7 10. d4 Re8 11. Bc2 Bf8 12. Nbd2 g6 13. d5 Nb8 14. b3 c6 15. c4 a5 16. dxc6 Bxc6 17. Bd3 b4 18. Bb2 1/2-1/2